|
|
|
|
| LEADER |
00000nam0a2200000 4500 |
| 001 |
295625 |
| 005 |
20231102000828.0 |
| 035 |
|
|
|a (RuTPU)RU\TPU\book\320713
|
| 035 |
|
|
|a RU\TPU\book\319744
|
| 090 |
|
|
|a 295625
|
| 100 |
|
|
|a 20150525d1984 k y0rusy50 ca
|
| 101 |
0 |
|
|a rus
|
| 102 |
|
|
|a RU
|
| 105 |
|
|
|a y z 011zb
|
| 200 |
1 |
|
|a Алгебраическая геометрия и ее приложения
|f Академия наук СССР (АН СССР), Математический институт им. В. А. Стеклова (МИАН) ; под ред. С. М. Никольского
|
| 210 |
|
|
|a Москва
|c Наука
|d 1984
|
| 215 |
|
|
|a 232 с.
|
| 225 |
1 |
|
|a Труды Математического института им. В. А. Стеклова
|v Т. 165
|
| 320 |
|
|
|a Библиогр. в конце глав
|
| 606 |
1 |
|
|a Алгебраическая геометрия
|2 stltpush
|3 (RuTPU)RU\TPU\subj\1735
|9 30436
|
| 610 |
1 |
|
|a операторы Гекке
|
| 610 |
1 |
|
|a бинарные квадратичные формы
|
| 610 |
1 |
|
|a представления
|
| 610 |
1 |
|
|a аналитические сечения
|
| 610 |
1 |
|
|a коники
|
| 610 |
1 |
|
|a расслоения
|
| 610 |
1 |
|
|a линейные группы
|
| 610 |
1 |
|
|a подгруппы
|
| 610 |
1 |
|
|a унимодулярные экстремальные решетки
|
| 610 |
1 |
|
|a скобки Пуассона
|
| 610 |
1 |
|
|a комплексные торы
|
| 610 |
1 |
|
|a числовые поля
|
| 610 |
1 |
|
|a принцип Хассе
|
| 610 |
1 |
|
|a гомологии
|
| 675 |
|
|
|a 512.7
|v 4
|
| 702 |
|
1 |
|a Никольский
|b С. М.
|4 340
|
| 712 |
0 |
2 |
|a Академия наук СССР (АН СССР)
|b Математический институт им. В. А. Стеклова (МИАН)
|2 stltpush
|3 (RuTPU)RU\TPU\col\11336
|
| 801 |
|
0 |
|a RU
|b 63413507
|c 20011210
|g PSBO
|
| 801 |
|
2 |
|a RU
|b 63413507
|c 20170725
|g PSBO
|
| 942 |
|
|
|c BK
|